10 meilleures nations aux Jeux olympiques de 1936 à Berlin - Statistiques

Statistiques générales
  • Ce quiz a été pris 344 fois
  • Le résultat moyen est 7 sur 10
Statistiques - réponses
Or Argent Bronze Total Pays % Correct
7 6 6 19 France
99%
33 26 30 89 Allemagne
98%
24 20 12 56 États Unis
97%
4 7 3 14 Grande-Bretagne / Royaume-Uni
90%
8 9 5 22 Italie
85%
6 4 8 18 Japon
76%
6 5 9 20 Suéde
59%
6 4 7 17 Pays-Bas
56%
10 1 5 16 Hongrie
35%
7 6 6 19 Finlande
34%
Aucun quiz correspondant
Distribution des résultats
% des personnes avec chaque résultat
Percentile par nombre de réponses
Votre historique - résultats
Vous n’avez pas pris ce quiz